Flags of One Word Countries - Sudden Death - Statistics

General Stats
  • This quiz has been taken 118 times
  • The average score is 11 of 22
Answers on the Grid
Answers color-coded by a green-red scale on the quiz's grid according to % correct below.
 
Answer Stats
Answer % Correct
Canada
60%
Sweden
60%
Israel
60%
Australia
56%
Japan
56%
Greece
54%
Malta
54%
Albania
54%
Vietnam
50%
Belgium
50%
Jamaica
50%
Bhutan
48%
Pakistan
48%
Tajikistan
48%
Myanmar
46%
Palau
44%
Hungary
42%
Tuvalu
42%
Kuwait
40%
Netherlands
38%
Nauru
38%
Cameroon
35%
No matching quizzes found
Score Distribution
Percent of People with Each Score
Percentile by Number Answered
Your Score History
You have not taken this quiz